00501nam a2200193 a 4500001001300000003000900013005001700022008004100039020002300080082001300103100002300116245004900139260003200188300000900220500003500229505001000264650001000274700002300284nice12345678IN_TiNIC20260116013730.0050524s1998 dela grp 000 0 eng  a0670712 c39500a954bABD aAbdul Kalam, A P J aIndia 2020b a Vision for the New Millennium aDelhibPenguin Books c1998 a312p aincludes index and biblioraphy2 aIndex aIndia1 aAbdul Kalam, A P J